000 00571cam a22002053a 4500
001 35204
003 PGUSA
005 20140828083747.0
008 110207s2011||||xxu|||||s|||||000 | eng d
040 _aPGUSA
_beng
042 _adc
100 1 _aHarrison, Harry,
_d1925-2012
245 1 0 _aSense of Obligation
_h[electronic resource] /
_cHarry Harrison
260 _bProject Gutenberg,
_c2011
506 _aPublic domain in the USA.
516 _aElectronic text
830 0 _aProject Gutenberg
_v35204
856 4 0 _uhttp://www.gutenberg.org/ebooks/35204
942 _cEB
999 _c264459
_d264459